<?xml version="1.0" encoding="UTF-8"?>
<record
    xmlns:xsi="http://www.w3.org/2001/XMLSchema-instance"
    xsi:schemaLocation="http://www.loc.gov/MARC21/slim http://www.loc.gov/standards/marcxml/schema/MARC21slim.xsd"
    xmlns="http://www.loc.gov/MARC21/slim">

  <leader>01058nam a2200205 a 4500</leader>
  <controlfield tag="001">BRCA_1022</controlfield>
  <controlfield tag="005">20190320203239.0</controlfield>
  <controlfield tag="008">111105s2002----mx-a---###---#000-0#spa-d</controlfield>
  <datafield tag="050" ind1=" " ind2="4">
    <subfield code="a">NC1807.M4</subfield>
    <subfield code="b">.B54 7</subfield>
    <subfield code="c">2002</subfield>
  </datafield>
  <datafield tag="245" ind1="1" ind2="0">
    <subfield code="a">7 [i.e. S&#xE9;ptima] Bienal Internacional del Cartel en M&#xE9;xico = Si&#xF3;dme Miedzynarodowe Biennale Plakatu Meksyku = Seventh International Biennial of the Poster in Mexico.</subfield>
  </datafield>
  <datafield tag="260" ind1=" " ind2=" ">
    <subfield code="a">M&#xE9;xico</subfield>
    <subfield code="b">Fonda Nacional para la Cultura y las Artes : Trama Visual AC : UAM : Ministerio de Cultura de la Rep&#xFA;blica de Polonia : ICOGRODA</subfield>
    <subfield code="c">2002</subfield>
  </datafield>
  <datafield tag="300" ind1=" " ind2=" ">
    <subfield code="a">202 p.</subfield>
    <subfield code="b">il. a color</subfield>
    <subfield code="c">30 cm.</subfield>
  </datafield>
  <datafield tag="500" ind1=" " ind2=" ">
    <subfield code="a">Cat&#xE1;logo de la exposici&#xF3;n realizada en el Museo Franz Mayer (Ciudad de M&#xE9;xico), 28 octubre, 2002 - 30 enero, 2003</subfield>
  </datafield>
  <datafield tag="546" ind1=" " ind2=" ">
    <subfield code="a">Texto en : espa&#xF1;ol, ingl&#xE9;s y polaco</subfield>
  </datafield>
  <datafield tag="650" ind1="1" ind2="4">
    <subfield code="a">Carteles</subfield>
    <subfield code="v">Concursos</subfield>
    <subfield code="x">Dise&#xF1;o</subfield>
    <subfield code="z">M&#xE9;xico</subfield>
    <subfield code="9">3362</subfield>
  </datafield>
  <datafield tag="650" ind1="1" ind2="4">
    <subfield code="a">Dise&#xF1;adores gr&#xE1;ficos</subfield>
    <subfield code="v">Exposiciones</subfield>
    <subfield code="z">M&#xE9;xico</subfield>
    <subfield code="9">3363</subfield>
  </datafield>
  <datafield tag="740" ind1="0" ind2=" ">
    <subfield code="a">Si&#xF3;dme Miedzynarodowe Biennale Plakatu Meksyku</subfield>
  </datafield>
  <datafield tag="740" ind1="0" ind2=" ">
    <subfield code="a">Seventh International Biennial of the Poster in Mexico</subfield>
  </datafield>
  <datafield tag="942" ind1=" " ind2=" ">
    <subfield code="2">lcc</subfield>
    <subfield code="c">B</subfield>
  </datafield>
  <datafield tag="999" ind1=" " ind2=" ">
    <subfield code="c">902</subfield>
    <subfield code="d">902</subfield>
  </datafield>
  <datafield tag="952" ind1=" " ind2=" ">
    <subfield code="0">0</subfield>
    <subfield code="1">0</subfield>
    <subfield code="4">0</subfield>
    <subfield code="7">0</subfield>
    <subfield code="a">BRCA</subfield>
    <subfield code="b">BRCA</subfield>
    <subfield code="d">2008-06-26</subfield>
    <subfield code="l">0</subfield>
    <subfield code="o">NC1807.M4 .B54 7 2002</subfield>
    <subfield code="p">01510</subfield>
    <subfield code="r">2019-03-22 00:00:00</subfield>
    <subfield code="w">2019-03-22</subfield>
    <subfield code="y">B</subfield>
  </datafield>
</record>
